Responses for show #5120 - Friday, December 8, 2006

Christian Haines game 3.

Contestants

Rebecca Bizonet, an archivist from Macon Township, Michigan

Gilbert Mercado, a facility director from Irvine, California

Christian Haines, a Congressional special assistant from Newport News, Virginia (whose 2-day cash winnings total $41,000)

Jeopardy! Round responses

GEMSTONES
CELEBRITY RHYME TIME
FOOD STUFF?
SOUNDS
IT'S A DISASTER
"OOP"S!
    $200 30
ruby

Rebecca
    $200 1
Cage's wages

Christian
    $200 6
a cookie

Gilbert
    $200 16
(Christian: What are harps?)
(Rebecca: What are rams' horns?)
(Alex: What are what?)
(Rebecca: Horns?)
(Alex: Horns? Be more specific.)
(Rebecca: Rams' horns?)

trumpets

ChristianGilbertRebecca
    $200 18
the flu

Christian
    $200 11
a hula hoop

Christian
    $400 29
(Gilbert: What is 4?)
(Christian: What is 5?)
...
(Alex: Ahh, Rebecca was tempted, but she didn't ring in with [*].)

6

ChristianGilbert
Triple Stumper
    $400 2
Lenny's pennies

Christian
    $400 7
Apple

Christian
    $400 17
(Gilbert: What is a leaf?)
...
(Alex: Dry leaf wouldn't make quite as much noise.)

a twig

Gilbert
Triple Stumper
    $400 19
the Hindenburg explosion

Gilbert
    $400 12
the poop deck

Christian
    $600 27
Africa

Christian
    $600 3
Kate's crates

Christian
    $600 8
chicken

Christian
    $600 23
to bleep

Rebecca
    $600 20
a hurricane

Gilbert
    $600 13
an alley oop

Christian
    $800 26
turquoise

Rebecca
    $800 4
Pitt's bits

Christian
    $1,500 9
pork barrel spending

Christian
    $800 24
an all clear

Christian
    $800 21
1906

Christian
    $800 14
a loophole

Christian
    $1000 28
jade

Gilbert
    $1000 5
Heath's wreaths

Rebecca
    $1000 10
(Felix) Frankfurter and (Warren) Burger

Christian
    $1000 25
a catcall

Rebecca
    $1000 22
Johnstown

Gilbert
    $1000 15
a sloop

Gilbert

Scores at the first commercial break (after clue 16):

Christian Gilbert Rebecca
$7,300 $1,400 $800

Scores at the end of the Jeopardy! Round:

Christian Gilbert Rebecca
$9,300 $3,600 $3,400

Double Jeopardy! Round responses

IOWA
LANDMARK CINEMA VILLAINS
PLANT LIFE
QUID PRO QUO-POURRI
PRESIDENTIAL RELATIVES
ANTONYMS
    $400 15
(Christian: What are ears?)

bushels

ChristianGilbert
    $400 1
Psycho

Christian
    $400 26
grass

Rebecca
    $400 6
Nicky

Rebecca
    $400 10
uncle

Christian
    $400 7
(Gilbert: What is anterior?)

inferior

ChristianGilbert
    $800 16
Illinois

Gilbert
    $800 2
The Exorcist

Christian
    $800 29
(Gilbert: What are pods?)
(Christian: What are pine cones?)

cones

ChristianGilbert
Triple Stumper
    $800 22
Midway

Christian
    $800 11
Lillian Carter

Triple Stumper
    $2,600 8
private

Christian
    $1200 17
the Hawkeyes

Gilbert
    $1200 3
HAL

Christian
    $1200 23
the Atlas Mountains

Christian
    $1200 12
Joseph Kennedy

Gilbert
    $1200 9
(Christian: What is pardon?)

praise

Christian
Triple Stumper
    $1600 18
caucuses

Christian
    $1600 4
Warren Beatty & Faye Dunaway

Gilbert
    $1600 27
leaf succulents

Christian
    $1600 24
Hannibal

Christian
    $3,000 13
(Alex: That's right, [*] Baines [*]!)

Lyndon Johnson

Gilbert
    $1600 20
finite

Christian
    $2000 19
Herbert Hoover

Triple Stumper
    $2000 5
Freddy (Krueger)

Christian
    $2000 28
a thorn

Triple Stumper
    $2000 25
(Gilbert: What is Gaia?)
(Rebecca: What is Demeter?)

Ceres

ChristianGilbertRebecca
    $2000 14
Benjamin Harrison

Triple Stumper
    $2000 21
(Christian: What are [*], er, the other way around?)

arrivals & departures

Christian

Scores at the end of the Double Jeopardy! Round:

Christian Gilbert Rebecca
$27,100 $8,600 $2,200
(lock game)

[wagering suggestions for these scores]

Final Jeopardy! Round responses

ENGLISH LITERATURE
RebeccaWhat is Paradise Lost?
$2,199
GilbertWhat is Paradise Lost? ["Go Chris!" written in upper right-hand corner]
$1,400
ChristianWhat is [large scribble] Utopia
$1,900
Paradise Lost

Final scores:

Christian Gilbert Rebecca
$25,200 $10,000 $4,399
3-day champion: $66,200 2nd place: $2,000 3rd place: $1,000

Game dynamics:

Coryat scores:

Christian Gilbert Rebecca
$24,600 $7,200 $2,200
31 R
(including 2 DDs),
5 W
13 R
(including 1 DD),
5 W
7 R,
2 W

Combined Coryat: $34,000

The J! Archive is created by fans, for fans. The Jeopardy! game show and all elements thereof, including but not limited to copyright and trademark thereto, are the property of Jeopardy Productions, Inc. and are protected under law. This website is not affiliated with, sponsored by, or operated by Jeopardy Productions, Inc. Join the discussion at JBoard.tv.